000 00545nam a2200181Ia 4500
001 9164
005 20260306160703.0
008 260306t2014||||xx |||||||||||||| ||spa||
041 _aESP
082 _a374
_bI59
100 _aInstituto Peruano de Evaluación, Acreditación y Certificación de la Calidad de la Educación Básica
_eAUT
245 0 _aDemanda laboral y oferta formativa en educación técnico productiva de la Región Callao
260 _c2014
300 _a
_c
650 _aGEN
654 _aCED
942 _cLIB
_dJUS
_fJUS
_2ddc
_n
999 _c9164
_d9164